Регионална библиотека "Любен Каравелов" - Русе

Видения за Коди (Запис номер 109841)

MARC детайли
000 -Лидер
Контролно поле с фиксирана дължина 01333nam a2200325 c 4500
003 - Код на организацията, давaща контролен номер
Контролно поле BLK
005 - Дата и час на последна редакция
Контролно поле 20180422105929.0
008 - Елементи от данни с фиксирана дължина
fixed length control field 180409b bul|||||r ||||||| ||bul||
010 ## - Наследен системен номер
LC control number KNG00115162000
020 ## - Международен стандартен номер на книга ISBN
Международен стандартен номер на книга ISBN 954-553-071-5
-- издат.: Парадокс
040 ## - Източник на каталожния запис
Идентификатор на билиотеката - собственик на записа BLK
041 ## - Код за език
Код за езика на текст/звукозапис или на отделно заглавие Български
Код за езика КДБФ Български
080 ## - УДК
Текстов определител УДК Американска литература (на САЩ)
УДК код - определител по УДК 821.111(73)
УДК определител -31
УДК - код + определител 821.111(73)-31
100 1# - Редна дума - Автор
Автор Керуак, Джак
Авторска отговорност първи автор
R(LIN) 257354
139 ## - Редно поле
Редна дума Керуак, Джек
Авторски знак Кер - К 52
245 10 - Сведения за заглавието
Заглавие Видения за Коди
Подзаглавни данни Роман
Редно поле (дума) * Джек Керуак; Джак Керуак; прев. Александра Константинова Главанакова.
257 ## - Страна на издаване
Страна на създаване/издаване Съединени американски щати
260 ## - Област на издателските данни
-- София
Име на издателя, разпространителя и проч. Парадокс
Година на издаване 2004
300 ## - Физическа характеристика
Страници 680 с.
Размери/Мащаб 20 см
380 ## - Жанр
Жанр Худож. лит.
490 1# - СЕРИИ (Колекции)
Име на серия Колекция Америка ХХ
500 ## - Общи забележки
Забележка Ориг. загл. Visions of Cody / Jack Kerouac. - Възприета форма на името на авт. - Джeк Керуак.
700 1# - Други автори (авторска отговорност)
Лично име Керуак, Джек
Автороска отговорност (Описва отношението между автора и произведението) *
9 (RLIN) 364623
700 1# - Други автори (авторска отговорност)
Лично име Главанакова, Александра Константинова
Автороска отговорност (Описва отношението между автора и произведението) прев.
9 (RLIN) 364533
852 ## - Местоположение
Форматна сигнатура Цб 220946
856 4# - Електронен адрес и достъп
Електронен формат pdf - файл
Път до файла /url/
856 4# - Електронен адрес и достъп
Електронен формат pdf - файл
Път до файла /url/
942 ## - АРТИКУЛИ
Вид на библиотечния материал Книги
Скрит в OPAC Не
944 ## - СЪЗДАВАНЕ И РЕДАКЦИЯ на ЗАПИСА
Създаване/Редакция Създаване
Дата на регистрацията/редакция 28.09.2004
Служител, извършил регистрацията/редакцията Геновева_Генчева
944 ## - СЪЗДАВАНЕ И РЕДАКЦИЯ на ЗАПИСА
Създаване/Редакция Редакция
Дата на регистрацията/редакция 02.06.2014
Служител, извършил регистрацията/редакцията
999 ## - СИСТЕМНИ КОНТРОЛНИ НОМЕРА
Koha biblionumber 109841
Koha biblioitemnumber 109841
Наличности
Код за отписване Код за изгубен артикул Източник на класификационната схема Код за повреда Коз за рестрикции Код за отдаване Артикулен № Име на библиотеката - собственик Име на библиотеката, в която се намира в момента Статус (Текущо местоположение) Дата на вписване в системата Местоположение - отдел Цена в лева Инвентарен номер Систематично азбучна сигнатура Баркод Номер на екземпляра Цена в евро Служебна бележка Служебен тип на артикула
Изтеглен Не е изгубен Universal Decimal Classification Не е повреден без рестрикции заемане за дома 177005 Регионална библиотека "Любен Каравелов" Русе Регионална библиотека "Любен Каравелов" Русе Заемна - подръчен фонд 2004-09-28 Заемна - подръчен фонд 16.00 120000688793 П 820(73)-31/К 52 120000688793 1 8.18 Дост: Pk Вид: Ф N: 28 Дата: 28.09.2004 Книги
  Не е изгубен   Не е повреден без рестрикции ползва се в читалня 177006 Регионална библиотека "Любен Каравелов" Русе Регионална библиотека "Любен Каравелов" Русе Хранилище 2006-07-04 Хранилище 16.00 120000703552 Цб 220946 120000703552 2 8.18 Дост: Dp Вид: Д N: 28 Дата: 29.06.2005 Книги
Vip Innovations Ltd, Rousse, Bulgaria 2025